000 01732 a2200217 4500
001 48723
005 20260407155752.0
008 260407a1968 arg spa d
003 AR-UNSa-BCEJYS
040 _aAR-UNSa-BCEJYS
_bspa
_cAR-UNSa-BCEJYS
080 _a512/517
_xAlgebra/Análisis
245 1 0 _aMatemáticas Universitarias
264 1 _aMéxico :
_bCECSA (Compañia Editorial Continental)
_c1968
300 _a2v.(747; 742 p.)
_c23 cm.
505 _aVol. I: 1. Ideas fundamentales - 2. El sistema de los números complejos - 3. Expresiones algebraicas, ecuaciones y desigualdades - 4. La geometría y los números reales - 5. Relaciones y funciones - 6. Funciones lineales y cuadráticas - 7. Funciones trigonométricas - 8. Límites y continuidad - 9. La derivada y la derivada inversa - 10. Teoremas sobre derivadas - 11. Otras aplicaciones de la derivada - 12. La integral definida - 13. Las funciones exponenciales y logarítmicas - 14. El cálculo de las funciones trigonométricas e hiperbólicas - 15. La integración formal y sus aplicaciones - Vol. II: 1. geometría analítica - 2. Vectores y geometría tridimensional - 3. Matrices - 4. Transformaciones lineales - 5. Superficies y curvas en tres dimensiones - 6. Funciones vectoriales y sus aplicaciones - 7. Derivación parcial I - 8. Derivación parcial II - 9. Integrales múltiples - 10. Series infinitas - 11. Series de potencia y desarrollo de funciones - 12. Ecuaciones diferenciales - 13. Ecuaciones diferenciales lineales - 14. La transformada de Laplace - 15. Teoría elemental de probabilidades.
942 _cBK
590 _aniveau_biblio:m niveau_hierar:0
100 1 _aBritton, Jack R.
700 1 _aKriegh, R. Ben
700 1 _aRutland, Leon W.
999 _c4690
_d4690